Statistics for NBA 2021-2022 MVP Race (March)

Click here to take the quiz!

General Stats

  • This quiz has been taken 80 times
  • The average score is 10 of 10

Answer Stats

HintAnswer% Correct
1DENNikola Jokić
100%
2MILGiannis Antetokounmpo
99%
7MEMJa Morant
99%
3PHIJoel Embiid
99%
6DALLuka Dončić
99%
4PHOChris Paul
97%
5PHODevin Booker
97%
8PHIJames Harden
95%
10PHODeandre Ayton
93%
9UTARudy Gobert
91%

Score Distribution

Percentile by Number Answered

Percent of People with Each Score

Your Score History

You have not taken this quiz